Recuerdos de la Cruz
Gorde:
| Egile nagusia: | |
|---|---|
| Formatua: | Liburua |
| Hizkuntza: | Undetermined |
| Argitaratua: |
San José, Costa Rica
Ediciones Promesa
1998
|
| Gaiak: | |
| Etiketak: |
Etiketa erantsi
Etiketarik gabe, Izan zaitez lehena erregistro honi etiketa jartzen!
|
MARC
| LEADER | 00000nam a2200000Ia 4500 | ||
|---|---|---|---|
| 008 | 170316s9999 xx 000 0 und d | ||
| 090 | |a 230 N-1r | ||
| 100 | |a Noda Núñez, María Rosa | ||
| 245 | |a Recuerdos de la Cruz | ||
| 260 | |a San José, Costa Rica | ||
| 260 | |b Ediciones Promesa | ||
| 260 | |c 1998 | ||
| 300 | |a 64 páginas | ||
| 650 | |a TEOLOGÍA | ||
| 650 | |a ESPIRITUALIDAD | ||
| 650 | |a VIDA ESPÍRITUAL | ||
| 999 | |c 18043 |d 18043 | ||
| 040 | |a cru BVZT | ||
| 942 | |c 15 D |h 230 N-1r |2 z | ||
